Library of the University of Algiers 3
Ibrahim Sultan Cheibout
شعار جامعة الجزائر 3
مكتبة جامعة الجزائر 3
إبراهيم سلطان شيبوط

إدارة التنوع الثقافي في الموارد البشرية / (رقم التسجيلة. 43072)

تفاصيل مارك
000 -LEADER
fixed length control field 01538nam a2200229Ia 4500
003 - CONTROL NUMBER IDENTIFIER
control field Ost
005 - DATE AND TIME OF LATEST TRANSACTION
control field 20260507075120.0
008 - FIXED-LENGTH DATA ELEMENTS--GENERAL INFORMATION
fixed length control field 260507s9999||||xx |||||||||||||| ||und||
020 ## - INTERNATIONAL STANDARD BOOK NUMBER
International Standard Book Number 91125673977
040 ## - CATALOGING SOURCE
Transcribing agency fsecg
041 ## - LANGUAGE CODE
Language code of text/sound track or separate title ara
082 ## - DEWEY DECIMAL CLASSIFICATION NUMBER
Classification number 330
100 ## - MAIN ENTRY--PERSONAL NAME
Personal name حمودة، عبد الناصر محمد علي
Relator term مؤلف
245 #0 - TITLE STATEMENT
Title إدارة التنوع الثقافي في الموارد البشرية /
Statement of responsibility, etc. عبد الناصر محمد علي حمودة
260 ## - PUBLICATION, DISTRIBUTION, ETC.
Place of publication, distribution, etc. القاهرة:
Name of publisher, distributor, etc. المنظمة العربية للتنمية الإدارية,
Date of publication, distribution, etc. 2005
300 ## - PHYSICAL DESCRIPTION
Extent 321 صفحة؛
Other physical details إيضاحات ؛
Dimensions 25 سم
490 ## - SERIES STATEMENT
Series statement سلسلة بحوث ودراسات
Volume/sequential designation 400
520 ## - SUMMARY, ETC.
Summary, etc. العولمة وانتقال عناصر الإنتاج- المنظور الإقتصادي لإنتقال عناصر الإنتاج- واقع انتقال عناصر الإنتاج- آثار انتقال المورد البشري- الثقافة والتنوع الثقافي- التنوع الثقافي حول قيمة العمل ودوافعه- تنوع التواصل بين الافراد- التنوع حول العمل الجماعي- تنوع الانشطة- الأنماط القيادية- وضع استراتيجية الموارد البشرية الدولية- تنفيذ استراتيجية الموارد البشرية الدولية- تقسيم استراتيجية الموارد البشرية الدولية
653 ## - INDEX TERM--UNCONTROLLED
Uncontrolled term إدارة الموارد البشرية
653 ## - INDEX TERM--UNCONTROLLED
Uncontrolled term العولمة
942 ## - ADDED ENTRY ELEMENTS (KOHA)
Koha item type كتب
المقتنيات
Withdrawn status Lost status Source of classification or shelving scheme Damaged status Not for loan Home library Current library Date acquired Serial enumeration / chronology Inventory number Total checkouts Full call number Barcode Date last seen Price effective from Koha item type
    Dewey Decimal Classification   NOT LOAN / إعارة داخلية مكتبة كلية العلوم الإقتصادية والعلوم التجارية وعلوم التسيير مكتبة كلية العلوم الإقتصادية والعلوم التجارية وعلوم التسيير 07/05/2026 الطابق الأرضي 1993/1   أ/1993ن1 1993/1 07/05/2026 07/05/2026 كتب
    Dewey Decimal Classification   Available مكتبة كلية العلوم الإقتصادية والعلوم التجارية وعلوم التسيير مكتبة كلية العلوم الإقتصادية والعلوم التجارية وعلوم التسيير 07/05/2026 الطابق الأرضي 1993/2   أ/1993ن2 1993/2 07/05/2026 07/05/2026 كتب
    Dewey Decimal Classification   Available مكتبة كلية العلوم الإقتصادية والعلوم التجارية وعلوم التسيير مكتبة كلية العلوم الإقتصادية والعلوم التجارية وعلوم التسيير 07/05/2026 الطابق الثاني 1993/3   أ/1993ن3 1993/3 07/05/2026 07/05/2026 كتب

موارد الويب المفتوحة


© University of Algiers 3 All Rights Reserved
|
Implemented by LECHELAH Riad